| 000 | 01429nam a2200349 c 4500 | ||
|---|---|---|---|
| 003 | BLK | ||
| 005 | 20190211175552.0 | ||
| 008 | 180408b bul|||||r ||||||| ||bul|| | ||
| 010 | _aKNG00035849000 | ||
| 020 |
_a954-9926-48-6 _bиздат.: Планета-3 |
||
| 040 | _aBLK | ||
| 041 |
_aBUL _cBUL |
||
| 080 |
_aРегионални обединения на държавите. ЕС(правни аспекти), Европейска общност за въглища и стомана и др. _b341.17 _x(4) _z341.17(4) |
||
| 100 | 1 |
_aПопова, Жасмин _eпърви автор _9272777 |
|
| 139 |
_aПопова, Жасмин _bП 76 |
||
| 245 | 1 | 0 |
_aОснови на правото на Европейския съюз _cЖасмин Попова. |
| 257 | _aBGR | ||
| 260 |
_аСофия _bПланета-3 _c2001 _fСофия : Вулкан 4 |
||
| 300 |
_a448 с. _c21 см |
||
| 380 | _a3 | ||
| 500 | _aПълното име на авт. е Жасмина Николова Попова. - В кн. означено 2. изд. - Офс. изд. - Библиогр. с. 446-447 | ||
| 504 | _a446-447 | ||
| 650 | 4 |
_aЕвропейски съюз - право _9262906 |
|
| 653 | _aЕвропейски съюз | ||
| 653 | _aправо | ||
| 659 | _aЕ | ||
| 852 | _aЦб 208390 | ||
| 856 | 4 |
_qpdf _u |
|
| 856 | 4 |
_qpdf _u |
|
| 942 |
_cKNG _n0 _01 |
||
| 944 |
_aCR _c08.05.2003 _kГеновева_Генчева |
||
| 944 |
_aED _c16.01.2007 _k |
||
| 999 |
_c33161 _d33161 |
||